15 Seconds - NHL Hockey Teams - Statistics

General Stats
  • This quiz has been taken 13 times
  • The average score is 7 of 32
Answer Stats
Team % Correct
Boston Bruins
50%
New York Rangers
50%
Buffalo Sabres
40%
Montreal Canadiens
40%
Toronto Maple Leafs
40%
Anaheim Ducks
30%
Calgary Flames
30%
Chicago Blackhawks
30%
Edmonton Oilers
30%
Los Angeles Kings
30%
Minnesota Wild
30%
New York Islanders
30%
St. Louis Blues
30%
Vancouver Canucks
30%
Winnipeg Jets
30%
Philadelphia Flyers
20%
Carolina Hurricanes
10%
Colorado Avalanche
10%
Columbus Blue Jackets
10%
Dallas Stars
10%
Detroit Red Wings
10%
Nashville Predators
10%
New Jersey Devils
10%
Ottawa Senators
10%
Pittsburgh Penguins
10%
San Jose Sharks
10%
Seattle Kraken
10%
Washington Capitals
10%
Florida Panthers
0%
Tampa Bay Lightning
0%
Utah Mammoth
0%
Vegas Golden Knights
0%
No matching quizzes found
Score Distribution
Percent of People with Each Score
Percentile by Number Answered
Your Score History
You have not taken this quiz